1651 1515 1090 1434 1907 1632 1303 1315 1766 1925 1823 1427 1546 1198 1602 1254 1553 1480 1549 1684 1084 1648 1855 1408 1714 1674 1417 1127 1680 1717 1386 1535 1740 1583 1930 1745 1583 1402 1355 1057 1143 1605 1833 1523 1057 1795 1210 1382 1345 1239 1231 1288 1376 1252 1500 1801 1040 1203 1137 1385 1966 1638 1509 1126 1985 1128 1348 1030 1107 1456 1592 1250 1662 1506 1180 1994 1071 1322 1651 1435 1813 1853 1980 1886 1165 1694 1598 1390 1399 1058 1787 1725 1683 1439 1496 1971 1436 1470 1706 BCNSPRNW ULIB Ver.6.0+V

เปลี่ยนเป็นภาษาไทย

Change to English
 แสดงรายละเอียดบรรณานุกรม
  กลับหน้าหลัก

Brief Record : Get Marc (ISO 2709) : E-mail record : QR code < ปิดหน้าต่าง
LEADER : 00000nam 2200000uu 4500
001    13399125851
003     ULIB
008    020711s2016 th a 000 0 eng d
020    ^a9780826120588
060    ^aWS350.6^bM-C
100    ^aMuscari, Mary E.
245    ^aChild behavioral and parenting challenges for advanced practice nurses/^bMuscari, Mary E.
260    ^aNew York :^bSpringer Publishing Company,^c2016
300    ^a322 pages;^c22 cm
650    ^aMental Disorders
650  0 ^aChild
650  0 ^aAdolescent
650  0 ^aParent-Child
945    ^p2099^l0^i003233
999    ^aประนอม เกษจรัล
รายการนี้ยังไม่มีแท็ก
คุณยังไม่ได้ล็อกอิน คุณสามารถมีกิจกรรมร่วมกับเว็บไซต์ได้ แต่ต้องล็อกอินก่อน ::
  ล็อกอิน

รายการสื่อสารสนเทศ

ลำดับที่ ประเภท เลขเรียก/บาร์โค้ด สถานที่ สถานะ
1. วิทยาศาสตร์การแพทย์ และสุขภาพ
หนังสือสำรอง
สถานะ=หนังสือสำรอง
WS350.6 M-C ฉ.1 
  Barcode: 003233
ห้องสมุดวิทยาเขตสวรรค์ประชารักษ์
►หนังสือทั่วไป
บนชั้น

รายการใกล้เคียง
    หัวเรื่อง [Mental Disorders]
    หัวเรื่อง [Child]
    หัวเรื่อง [Adolescent]
    หัวเรื่อง [Parent-Child]

BibComment


ยังไม่เคยถูกคอมเมนท์

คอมเมนท์ทรัพยากรรายการนี้
  คอมเมนท์: Child behavioral..


 Copyright 2026. Bcnsprnw @Library